000 01221nam a22003017i 4500
003 EG-GICUC
005 20260121101659.0
008 260107s1873 fr ||||fr||| 00|00 fre d
040 _aEG-GiCUC
_cEG-GiCUC
_dEG-GiCUC
_eRda
_bfre
041 _afre
082 0 4 _221
_a341.62
_bTA . T
092 0 4 _221
099 _aLaw1 11 341.62 TA . T 1873
100 1 _aTartarin, Ed.
_eAuteur
245 1 0 _aTraité de l'occupation :
_bSuivant Le Droit Naturel, Le Droit Civil Et Le Droit International /
_cpar Ed. Tartarin.
264 1 _aparis :
_bMaresq aine,
_c1873.
300 _a234 Pages :
_c24 cm.
336 _2rda contenu
_a texte
337 _2rda medias
_aOrdinateur
338 _2 transporteur rda
_a Ressource en ligne
504 _aInclude Bibliographic references
505 _aContenant 1º L'exposé Des Principes Généraux; 2. L'examen Complet Des Res Nullius D'après Les Textes; 3º Une Étude Sur L'occupation Des Choses Incorporelles Et 4º Sur Les Effets De L'occupation Militaire,
546 _aTexte en français
650 1 4 _aGuerre -- Moyens et méthodes
_xDroit international public
856 4 0 _uhttps://fll.law.cu.edu.eg/fulltext/bks/B11-06719.pdf
905 _a75
942 _2ddc
_cBK
_e21
_n0
999 _c55275
_d55275